| 000 | 00816nam a2200277 a 4500 | ||
|---|---|---|---|
| 001 | vtls000071606 | ||
| 003 | NLI | ||
| 005 | 20210601193041.0 | ||
| 008 | 101125s1960 enk 000 0beng | ||
| 020 | _c21s | ||
| 039 | 9 |
_y201011250732 _zVLOAD |
|
| 040 | 0 |
_aNLI _beng _cEntertech-2003 _eAACR2 |
|
| 041 | 0 | _aeng | |
| 044 | _aenk | ||
| 082 | 0 | 4 | _a92 |
| 100 | 1 |
_aShaplen, Robert, _d1917- _9170673 |
|
| 245 | 1 | 0 |
_aKreuger : _bgenius and swindler / _cby Robert Shaplen ; with an introduction by John Kenneth Galbraith |
| 260 |
_aLondon : _bAndre Deutsch, _cc1960 |
||
| 300 |
_axv, 251, xi p. ; _c21 cm. |
||
| 600 | 1 | 0 |
_aKreuger, Ivar, _d1880-1932 _9170674 |
| 887 | _a | ||
| 901 |
_a339381 _b04.05.1961 |
||
| 902 | _aE92 K887 | ||
| 949 |
_AVIRTUAITEM _D10000 _X100 _6PUR000339381ENG |
||
| 942 |
_2ddc _cBKS |
||
| 999 |
_aVIRTUA00 _c75111 _d75111 |
||